MARC

LEADER 00000nam0a2200000 4500
001 84832
005 20231031100801.0
035 |a (RuTPU)RU\TPU\book\91162 
090 |a 84832 
100 |a 20051103d1972 m y0rusy50 ca 
101 0 |a rus 
102 |a RU 
105 |a a z 001zy 
200 1 |a Теория нестационарной фильтрации жидкости и газа  |f Г. И. Баренблатт, В. М. Ентов , В. М. Рыжик 
210 |a Москва  |c Недра  |d 1972 
215 |a 288 с.  |c ил. 
320 |a Библиогр.: с. 278-286 
610 1 |a жидкость 
610 1 |a газ 
610 1 |a фильтрация 
610 1 |a теория 
610 1 |a движение 
610 1 |a задачи 
610 1 |a решение 
675 |a 622.323.276.  |v 3 
700 1 |a Баренблатт  |b Г. И.  |g Григорий Исаакович 
701 1 |a Ентов  |b В. М.  |g Владимир Мордухович 
701 1 |a Рыжик  |b В. М.  |g Виктор Михайлович 
801 1 |a RU  |b 63413507  |c 20051103  |g PSBO 
801 2 |a RU  |b 63413507  |c 20051115  |g PSBO 
942 |c BK